Pretty little liars trivia Quiz Stats

 Plays Quiz not verified by Sporcle

Challenge
Share
Tweet
Embed
Score 0/13 Timer 04:00
0 Plays Today
Hints Answer % Correct
who was accused of killing Ali first?Ian
83.9%
Who did Spencer go see in the woods during her mom's banquett?Ian
83.6%
Who was fake friending Hanna?Mona
77.5%
Who was Emily's first kiss?Alison
68.3%
Did Mona die?yes
67.7%
who commited suicide?Toby
60.1%
who is stalking the girls?A
59.8%
who dated Ella and Aria?Xavier
29%
What did mona used to ride in 7th grade?Razor scooter
25%
What state did Emily's parents ship her off to?Iowa
24.6%
Who did Spencer take to Foxy?Andrew
17.7%
who is hanna's enemy's?Naomi and Riley
14.6%
Who does Aria plan on moving in with after Xavier threatens her?Byron and Meredith
13.4%

You're not logged in!

Compare scores with friends on all Sporcle quizzes.
OR
Log In

You Might Also Like...

Show Comments

Extras

Created Jun 2, 2011ReportNominate
Tags:liar, little, pretty

Top Quizzes Today


Score Distribution

Your Account Isn't Verified!

In order to create a playlist on Sporcle, you need to verify the email address you used during registration. Go to your Sporcle Settings to finish the process.

Report this User

Report this user for behavior that violates our Community Guidelines.

Details: